000 01051cam a22002414a 4500
001 sa 68015027
003 DLC
005 20260227112638.0
008 890227m19671971ii a b 000 0 hino
010 _asa 68015027
040 _aDLC
_cDLC
041 0 _ahin
_abra
050 0 0 _aPK1967.9.P37
_bP37 1967
100 0 _aParaśurāmadeva,
_dapproximately 1530-approximately 1620.
245 1 0 _aParaśurāmasāgara /
_cParaśurāmadeva kr̥ta ; sampādaka evaṃ śodhakartā, Rāmaprasāda Śarmā.
260 _aJayapura :
_bKareṇṭa Buka Kampanī,
_c1967-1971.
300 _a4 v. :
_bcol. ill. ;
_c22 cm.
546 _aIn Hindi and Braj.
520 _aCollection of the devotional Braj poet.
504 _aIncludes bibliographical references.
505 0 _a1. khaṇḍa. Paraśurāma-vāṇī : sākhī-grantha -- 2. khaṇḍa. Paraśurāma-caritāvaliyām̐ : kavitta-grantha -- 3. khaṇḍa. Paraśurāma-līlāeṃ : līlā-grantha -- 4. khaṇḍa. Paraśurāma-padāvalī : sākhī-grantha.
700 1 _aŚarmā, Rāmaprasāda,
_cḌô.
999 _c86173
_d86173